Memorias de Sherlock Holmes / (Registro nro. 8507)

Detalles MARC
000 -LIDER
fixed length control field 00778nam a22002897a 4500
001 - NÚMERO DE CONTROL
Identificador de número de control 079
003 - IDENTIFICACDOR DE NÚMERO DE CONTROL
control field DO-SdBNP
005 - DATE AND TIME OF LATEST TRANSACTION
control field 20151102144641.0
007 - CAMPOS FIJOS DE DESCRIPCIÓN FÍSICA
fixed length control field 079
008 - ELEMENTOS DE LONGITUD FIJA
fixed length control field 151005b1987 sp 00| 0 spa d
020 ## - ISBN
International Standard Book Number 8475304001
040 ## - FUENTE DE CATALOGACIÓN
Agencia que crea de manera original el registro BPMSU
Idioma de catalogación spa
Agencia que realiza la transcripción BPMSU
092 ## - LOCALLY ASSIGNED DEWEY DECIMAL CALL NUMBER
Número de clasificación XXXX
Número de ítem (Cutter) XXXX
100 1# - ASIENTO PRINCIPAL -- NOMBRE PERSONAL
Nombre personal Conan Doyle, Arthur
240 10 - TITULO UNIFORME
Título uniforme Memoris of Sherlock Holmes /
Idioma de una obra eng
245 10 - MENCIÓN DE TITULO
Título Memorias de Sherlock Holmes /
Mención de responsabilidad Arthur Conan Doyle ; traducción Armando Lázaro Ros
260 ## - PUBLICACIÓN, DISTRIBUCIÓN, ETC. (PIE DE IMPRENTA)
Lugar de publicación, distribución, etc Barcelona :
Nombre del editor, distribuidor, etc. Orbis,
Fecha de publicación, distribución, etc 1987.
300 ## - DESCRIPCIÓN FÍSICA
Extensión 189 p. :
Dimensiones 18 cm.
490 1# - MENCIÓN DE SERIES
Mención de serie El observador
Volume/sequential designation 22
490 1# - MENCIÓN DE SERIES
Mención de serie Sherlock Holmes
700 12 - ASIENTO SECUNDARIO -- NOMBRE PERSONAL
Nombre personal Lázaro Ros, Armando
Mención de responsabilidad trad.
830 #0 - ASIENTO SECUNDARIO DE SERIE--TÍTULO UNIFORME
Título uniforme El observador
Número de la parte o sección de una obra 19
830 #0 - ASIENTO SECUNDARIO DE SERIE--TÍTULO UNIFORME
Título uniforme Sherlock Holmes
910 ## - VALIDACIÓN
Validación 202
942 ## - ADDED ENTRY ELEMENTS (KOHA)
Source of classification or shelving scheme Dewey Decimal Classification
Koha item type Libros
956 ## - LOCAL ELECTRONIC LOCATION AND ACCESS (OCLC)
Nombre de host Yngrid Lockward
Existencias
Withdrawn status Lost status Source of classification or shelving scheme Damaged status Not for loan Collection code Home library Current library Date acquired Source of acquisition Total Checkouts Barcode Date last seen Price effective from Koha item type
    Dewey Decimal Classification       Biblioteca Pública Metropolitana Salomé Ureña Biblioteca Pública Metropolitana Salomé Ureña 11/02/2015 Donación   BPMET15110008 11/02/2015 11/02/2015 Libros